| 000 | 00486nam a2200169Ia 4500 | ||
|---|---|---|---|
| 008 | 230917s9999||||xx |||||||||||||| ||und|| | ||
| 020 | _cRS995 | ||
| 040 |
_e242420 _aMAIN |
||
| 041 | _aEnglish | ||
| 082 | _a338.4791 N312T | ||
| 100 | _aNegi, Jagmohan | ||
| 245 | 0 | _aTravel agency and tour operation: Concepts and principles | |
| 260 |
_aNew Delhi _bKanishka Publications _c2015 |
||
| 300 | _avii, 498 p. | ||
| 500 | _a2887 26/09/2017 HBD17/7056 26/09/2017 IHTM (SFS) | ||
| 942 | _cBK | ||
| 999 |
_c24154 _d24154 |
||